000 00716nam a2200265Ia 4500
003 OSt
005 20221007073449.0
006 a|||||r|||| 00| 0
007 ta
008 221006b |||||||| |||| 00| 0 eng d
024 _a1,202
037 _cTextual
040 _aFLL
_cFLL
_beng
041 _2eng
_aeng
082 _aX413:Z2qN39, M1.2
100 _aSingh S.D.
_9301389
245 0 _aCommentaries on the motor vehicles act, 1939
250 _a8th
260 _aLucknow
_bEastern Book Company India
_c1981
300 _a1738p
_ccm.
490 _vVol.2
650 _aMotor Vehicles Act
_9682912
942 _hX413:Z2qN39, M1.2
_cTEXL
_2CC
999 _c1148824
_d1148824